Desarrollo humano en Chile 2000: más sociedad para gobernar el futuro
Gespeichert in:
| Körperschaften: | , |
|---|---|
| Format: | Buch |
| Sprache: | Spanisch |
| Veröffentlicht: |
Santiago
PNUD
2000
|
| Schlagworte: | |
| Tags: |
Tag hinzufügen
Keine Tags, Fügen Sie den ersten Tag hinzu!
|
MARC
| LEADER | 00000cam a2200000 a 4500 | ||
|---|---|---|---|
| 001 | UCO3365 | ||
| 003 | CL-VaPUC | ||
| 008 | 000720e20000300CL |||||||||||||||||spa|d | ||
| 082 | 0 | 4 | |a 338.9 |b PNU |2 21 |
| 110 | 2 | |a PNUD |e author |9 447490 | |
| 710 | 2 | |a Programa de las Naciones Unidas para el Desarrollo |e author |9 447491 | |
| 245 | 1 | 0 | |a Desarrollo humano en Chile 2000: más sociedad para gobernar el futuro |
| 300 | |a 305 p | ||
| 942 | |c BK | ||
| 945 | |d 20000720 00:00:00 |a cmena | ||
| 260 | |a Santiago |b PNUD |c 2000 | ||
| 650 | 0 | |a Desarrollo humano |9 349614 | |
| 650 | 0 | |a Desarrollo económico y social |9 256320 | |
| 650 | 7 | |a POLITICAS DE DESARROLLO |2 CL-VaPUC |9 345187 | |
| 651 | 7 | |a CHILE |2 CL-VaPUC |9 447492 | |
| 583 | |a last modification |c 20140710 09:01:13 |k Rodrigo Vera | ||
| 999 | |c 289822 |d 289820 | ||
| 952 | |0 0 |1 0 |4 0 |6 338_900000000000000_PNU_2000 |7 0 |8 F |9 338573 |a BIBGIM |b BIBGIM |d 2019-11-20 |i 362241K |o 338.9 PNU 2000 |p 362241K |r 2025-01-15 |w 2019-11-20 |y BK_F |k GIM | ||
| 952 | |0 0 |1 0 |4 0 |6 338_900000000000000_PNU_2000 |7 0 |8 F |9 338574 |a BIBGIM |b BIBGIM |d 2019-11-20 |i 363017K |o 338.9 PNU 2000 |p 363017K |r 2025-01-15 |w 2019-11-20 |y BK_F |k SSL | ||
| 952 | |0 0 |1 0 |4 0 |6 338_900000000000000_PNU_2000 |7 0 |8 F |9 338575 |a BIBGIM |b BIBGIM |d 2019-11-20 |i 3630188 |o 338.9 PNU 2000 |p 3630188 |r 2025-01-15 |w 2019-11-20 |y BK_F |k SSL | ||
| 952 | |0 0 |1 0 |4 0 |6 338_900000000000000_PNU_2000 |7 0 |8 F |9 338576 |a BIBING |b BIBING |d 2019-11-20 |i 3624927 |o 338.9 PNU 2000 |p 3624927 |r 2025-01-20 |w 2019-11-20 |y BK_F |k GEO | ||
| 952 | |0 0 |1 0 |4 0 |6 338_900000000000000_PNU_2000 |7 0 |8 P |9 338577 |a BIBEDU |b BIBEDU |c BIBEDU_PB |d 2019-11-20 |i 3636984 |o 338.9 PNU 2000 |p 3636984 |r 2024-01-25 |w 2019-11-20 |y BK |k EPE | ||
| 952 | |0 0 |1 0 |4 0 |6 338_900000000000000_PNU_2000 |7 0 |8 F |9 338578 |a BIBGIM |b BIBGIM |d 2019-11-20 |i 3709302 |o 338.9 PNU 2000 |p 3709302 |r 2025-01-15 |w 2019-11-20 |y BK_F |k SSL | ||
| 952 | |0 0 |1 0 |4 0 |6 338_900000000000000_PNU_2000 |7 0 |8 F |9 338579 |a BIBGIM |b BIBGIM |d 2019-11-20 |i 3709272 |o 338.9 PNU 2000 |p 3709272 |r 2025-01-15 |w 2019-11-20 |y BK_F |k SSL | ||
| 952 | |0 0 |1 0 |4 0 |6 338_900000000000000_PNU_2000 |7 0 |8 F |9 338580 |a BIBGIM |b BIBGIM |d 2019-11-20 |i 3709248 |o 338.9 PNU 2000 |p 3709248 |r 2025-01-15 |w 2019-11-20 |y BK_F |k SSL | ||
| 952 | |0 0 |1 0 |3 erb |4 0 |6 338_900000000000000_PNU_2000 |7 0 |8 P |9 338581 |a BIBEDU |b BIBEDU |c BIBEDU_PB |i 4901258 |o 338.9 PNU 2000 |p 4901258 |r 2024-01-25 |w 2019-11-20 |y BK |z Catalogado en:20140710 |k PSI | ||
| 952 | |0 0 |1 0 |3 erb |4 0 |6 338_900000000000000_PNU_2000 |7 0 |8 P |9 338582 |a BIBEDU |b BIBEDU |c BIBEDU_PB |i 4901266 |o 338.9 PNU 2000 |p 4901266 |r 2024-01-25 |w 2019-11-20 |y BK |z Catalogado en:20140710 |k PSI | ||